TinyML : machine learning with tensorflow lite on arduino and ultra-low power microcontrollers

Сохранить в:
Библиографические подробности
Главный автор: Warden, Pete
Формат:
Опубликовано: Shroff
Метки: Добавить метку
Нет меток, Требуется 1-ая метка записи!

MARC

LEADER 00000nam a2200000Ia 4500
005 20260515061616.0
100 |a Warden, Pete, 
020 |a 9789352139606 
942 |c BK 
245 |a TinyML : machine learning with tensorflow lite on arduino and ultra-low power microcontrollers  
260 |b Shroff 
999 |c 48  |d 48 
952 |0 0  |1 0  |4 0  |7 0  |a ABDN  |b ABDN  |d 2026-05-15  |l 0  |p 000088  |r 2026-05-15 06:16:16  |w 2026-05-15  |y BK